000 00315nam a2200109 4500
999 _c9855
_d9855
008 180720b ||||| |||| 00| 0 eng d
245 _aTerrorism supporter? 7 countries cut ties with Qatar.
260 _aPhilippines
_bThe Philippine Star
_cc2017
300 _apage 5.
650 0 _929167
_aTerrorism.
942 _2ddc
_cPER